| 000 | 00501nam a22001817a 4500 | ||
|---|---|---|---|
| 003 | OSt | ||
| 008 | 200714b ||||| |||| 00| 0 eng d | ||
| 020 | _a9789384266219 | ||
| 082 | _a615.151 BHP | ||
| 100 | _aBhaskaran Shyamala | ||
| 245 | _aPhysical Pharmaceutics-1 | ||
| 250 | _a3rd 2020 | ||
| 260 |
_aNew Delhi _bBirla Publication |
||
| 300 | _aPg-211 | ||
| 650 | _aPharmaceutics- Drug Delivery Systems,Pharmaceutical Engineering regulraty Science | ||
| 700 | _aLakshmi, P.K | ||
| 942 |
_2ddc _cBK |
||
| 999 |
_c8955 _d8955 |
||